AGRO- TECHNIQUES OF SELECTED MEDICINE PLANTS (Record no. 34652)
[ view plain ]
| 000 -LEADER | |
|---|---|
| fixed length control field | 00397nam a22001577a 4500 |
| 003 - CONTROL NUMBER IDENTIFIER | |
| control field | SGT |
| 020 ## - INTERNATIONAL STANDARD BOOK NUMBER | |
| International Standard Book Number | 9789392544125 |
| 082 ## - DEWEY DECIMAL CLASSIFICATION NUMBER | |
| Classification number | 615.53 |
| Item number | A23S |
| 100 ## - MAIN ENTRY--PERSONAL NAME | |
| Personal name | SRIKANT, NARAYANAM,ed |
| 245 ## - TITLE STATEMENT | |
| Title | AGRO- TECHNIQUES OF SELECTED MEDICINE PLANTS |
| 260 ## - PUBLICATION, DISTRIBUTION, ETC. (IMPRINT) | |
| Place of publication, distribution, etc | NEW DELHI |
| Name of publisher, distributor, etc | CCRAS |
| Year of Publication | 2023 |
| 300 ## - PAGE DESCRIPTION | |
| No. of Pages | 88 |
| 650 ## - SUBJECT ADDED ENTRY--TOPICAL TERM | |
| Topical term or geographic name as entry element | AYURVEDA |
| 653 ## - KEYWORDS--INDEX TERM | |
| Keyword term | AGRO,TECHNIQUES , SELECTED, MEDICINE, PLANTS |
| 942 ## - ADDED ENTRY ELEMENTS (KOHA) | |
| Source of classification or shelving scheme | Dewey Decimal Classification |
| Koha item type | Books |
| Withdrawn status | Lost status | Source of classification or shelving scheme | Damaged status | Use restrictions | Not for loan | Collection code | Home library | Current library | Shelving location | Date acquired | Vendor Name | Cost, normal purchase price | Volume Information (Serial or Books or Non-Book Material) | SGTU | Bill Number | Total Checkouts | Full call number | Accession No. (Barcode) | Date last seen | Bill Date | Koha item type |
|---|---|---|---|---|---|---|---|---|---|---|---|---|---|---|---|---|---|---|---|---|---|
| Dewey Decimal Classification | Restricted Access | AYURVEDA | SGT FA-FP Library | SGT FA-FP Library | Reference Book | 24/04/2026 | ABC PVT. LTD. | 830.00 | 2 | SGTU | 22873 | 615.53 A23S | FA13324 | 24/04/2026 | Books | ||||||
| Dewey Decimal Classification | Restricted Access | AYURVEDA | SGT FA-FP Library | SGT FA-FP Library | Reference Book | 24/04/2026 | ABC PVT. LTD. | 830.00 | 2 | SGTU | 22873 | 615.53 A23S | FA13325 | 24/04/2026 | Books |